UM Logo

Evidence for the law enforcement officer / (Record no. 6906)

MARC details
000 -LEADER
fixed length control field 01007nam a2200181 4500
008 - FIXED-LENGTH DATA ELEMENTS--GENERAL INFORMATION
fixed length control field 170519b xxu||||| |||| 00| 0 eng d
020 ## - INTERNATIONAL STANDARD BOOK NUMBER
International Standard Book Number 0-07-062284-1
082 ## - DEWEY DECIMAL CLASSIFICATION NUMBER
Edition number 1974
Classification number DC 345.7306
Item number St9
100 ## - MAIN ENTRY--PERSONAL NAME
9 (RLIN) 20917
Personal name Stuckey, Gilbert B.
245 ## - TITLE STATEMENT
Title Evidence for the law enforcement officer /
Statement of responsibility, etc. Gilbert B. Stuckey.
250 ## - EDITION STATEMENT
Edition statement Second Edition
260 ## - PUBLICATION, DISTRIBUTION, ETC. (IMPRINT)
Place of publication, distribution, etc. New York :
Name of publisher, distributor, etc. McGraw-Hill,
Date of publication, distribution, etc. ©1974.
300 ## - PHYSICAL DESCRIPTION
Extent xi, 397 pages :
Other physical details illustrations ;
Dimensions 23 cm.
500 ## - GENERAL NOTE
General note Includes index.
505 ## - FORMATTED CONTENTS NOTE
Formatted contents note Trial procedure -- Evidence - rules and kinds -- Witnesses - competency and privileged communications -- Witnesses - lay and expert -- Credibility and impeachment -- The hearsay rule - its exceptions -- Confessions and admissions -- Physical evidence -- Circumstantial evidence -- Documentary evidence and the right of discovery -- Photographic evidence -- The exclusionary rule - searches and seizures -- How to testify effectively.
650 #0 - SUBJECT ADDED ENTRY--TOPICAL TERM
9 (RLIN) 20918
Topical term or geographic name as entry element Evidence, Criminal -- United States.
942 ## - ADDED ENTRY ELEMENTS (KOHA)
Source of classification or shelving scheme Dewey Decimal Classification
Koha item type Circulation
Holdings
Withdrawn status Lost status Source of classification or shelving scheme Damaged status Not for loan Collection code Home library Current library Date acquired Source of acquisition Total Checkouts Full call number Barcode Date last seen Copy number Price effective from Koha item type
    Dewey Decimal Classification     Circulation UM Digos College - LIC UM Digos College - LIC 04/20/2004 Donated   DC 345.7306 St9 1974 16971 05/15/2025 1 05/19/2017 Circulation